Functional Data Analysis with R and MATLAB

Gespeichert in:
Bibliographische Detailangaben
Hauptverfasser: Ramsay, J.O (Verfasst von), Hooker, Giles (Verfasst von), Graves, Spencer (Verfasst von)
Format: Buch
Sprache:Englisch
Schlagworte:
Online-Zugang:OBSAH
Tags: Tag hinzufügen
Keine Tags, Fügen Sie das erste Tag hinzu!

MARC

LEADER 00000nam a22000003a 4500
001 stu247697
005 20150617230203.7
008 120605s----------------------------eng-d
020 |a 978-0-387-98184-0 
040 |a STU  |b slo 
041 0 |a eng 
080 |a 004  |7 stu_us_auth*stu9200 
100 1 |a Ramsay, J.O.  |4 aut 
245 1 |a Functional Data Analysis with R and MATLAB 
300 |a 207 s 
650 7 |a jazyky programovacie  |2 stusub 
650 7 |a MATLAB  |2 estusub 
700 1 |a Hooker, Giles  |4 aut 
700 1 |a Graves, Spencer  |4 aut 
856 4 |a https://sweb.mtf.stuba.sk/obsahy/functional_data_analysis_with_r_and_matlab_11  |u https://sweb.mtf.stuba.sk/obsahy/functional_data_analysis_with_r_and_matlab_11  |3 OBSAH 
996 |b 284M081165  |c M*13204-1  |l MMST  |s A  |a 24  |w stu247697_0001